| 000 | 00602nam a22001937a 4500 | ||
|---|---|---|---|
| 003 | OSt | ||
| 005 | 20170921160509.0 | ||
| 008 | 170921b xxu||||| |||| 00| 0 eng d | ||
| 020 | _a9780443071577 | ||
| 040 | _c040a | ||
| 082 |
_aWY 195 _bM72k 2003 |
||
| 245 |
_aApplying the Roper- Logan- Tierney model in practice / _cKaren Holland...{etal} |
||
| 260 |
_aEcinburgh _bElsevier Churchill Livingstone _c2003 |
||
| 300 |
_ax, 464p; _bCol.ill : _c22 cm. |
||
| 504 | _aIncludes bibliographic references and index | ||
| 650 |
_aNursing _9135 |
||
| 700 |
_aHolland, Karen...{etal} _911713 |
||
| 942 |
_2z _cO_SHELF |
||
| 999 |
_c5846 _d5846 |
||